000 01246cam a2200289 i 4500
003 SA-RiAUC
005 20250521055948.0
008 250520s1996 ua g 000 0 ara c
020 _a9771501682
040 _aSA-JeALM
_bara
_cSA-RiAUC
_erda
082 0 4 _a214.168
090 _a214.168
_bد ي ب
100 1 _aالديب، عبد العظيم محمود،
_d1929-2010
_eمؤلف.
245 1 2 _aالحوار والتعددية في الفكر الإسلامي /
_cعبد العظيم محمود الديب.
250 _aالطبعة الأولى.
264 1 _aالمنصورة، مصر :
_bدار الوفاء للطباعة والنشر والتوزيع،
_c1996
300 _a73 صفحة ؛
_c18 سم.
336 _aنص
_btxt
_2rdacontent
_3كتاب
337 _aبدون وسيط
_bn
_2rdamedia
338 _aمجلد
_bnc
_2rdacarrier
490 0 _aنحو عقلية اسلامية واعية.
_v20
500 _aاهداء من المؤلف عبدالعظيم محمود الديب الى الشيخ رحمه الله بتاريخ 11 / 2 / 1418 هـ
650 7 _aالفلسفة الإسلامية
_2aucsh
650 7 _aالحوار في الإسلام
_2aucsh
942 _2ddc
_cBOOK
_n0
949 _aSA-JeALM
_d250520
_uosman123
_n1
999 _c8179
_d8179